|
|
|
|
| LEADER |
00000nam0a2200000 4500 |
| 001 |
14291 |
| 005 |
20231030185605.0 |
| 035 |
|
|
|a (RuTPU)RU\TPU\book\14383
|
| 035 |
|
|
|a BOOK00014451
|
| 090 |
|
|
|a 14291
|
| 100 |
|
|
|a 20011209d2000 m y0rusy50 ca
|
| 101 |
0 |
|
|a eng
|
| 102 |
|
|
|a RU
|
| 105 |
|
|
|a y j 000zy
|
| 200 |
1 |
|
|a Ecological Monitoring
|e Textbook
|f M. E. Guselnikov, V. N. Stroinova
|g Tomsk Polytechnic University (TPU)
|
| 210 |
|
|
|a Tomsk
|c TPU Press
|d 2000
|
| 215 |
|
|
|a 76 p.
|
| 610 |
1 |
|
|a английский язык
|
| 610 |
1 |
|
|a учебные пособия
|
| 610 |
1 |
|
|a экология
|
| 610 |
1 |
|
|a мониторинг
|
| 610 |
1 |
|
|a окружающая среда
|
| 610 |
1 |
|
|a биосфера
|
| 610 |
1 |
|
|a компоненты
|
| 610 |
1 |
|
|a метеорологические параметры
|
| 610 |
1 |
|
|a метеорологические условия
|
| 610 |
1 |
|
|a вода
|
| 610 |
1 |
|
|a загрязнение
|
| 610 |
1 |
|
|a электромагнитное загрязнение
|
| 610 |
1 |
|
|a радиационное загрязнение
|
| 610 |
1 |
|
|a анализ
|
| 610 |
1 |
|
|a жидкости
|
| 610 |
1 |
|
|a состав
|
| 610 |
1 |
|
|a газы
|
| 610 |
1 |
|
|a промышленные выбросы
|
| 675 |
|
|
|a 504.064(075.8)
|v 3
|
| 700 |
|
1 |
|a Guselnikov
|b M. E.
|g Mikhail E.
|
| 701 |
|
1 |
|a Stroinova
|b V. N.
|g Valentina N.
|
| 712 |
0 |
2 |
|a Tomsk Polytechnic University (TPU)
|2 stltpush
|3 (RuTPU)RU\TPU\col\452
|
| 801 |
|
0 |
|a RU
|b 63413507
|c 20011209
|g PSBO
|
| 801 |
|
2 |
|a RU
|b 63413507
|c 20151222
|g PSBO
|
| 942 |
|
|
|c BK
|